ethiopian folktales (Record no. 19892)

MARC details
000 -LEADER
fixed length control field 00394nam a22001697a 4500
003 - CONTROL NUMBER IDENTIFIER
control field OSt
005 - DATE AND TIME OF LATEST TRANSACTION
control field 20211124094103.0
008 - FIXED-LENGTH DATA ELEMENTS--GENERAL INFORMATION
fixed length control field 211124b |||||||| |||| 00| 0 eng d
020 ## - INTERNATIONAL STANDARD BOOK NUMBER
International Standard Book Number 978999446365
040 ## - CATALOGING SOURCE
Transcribing agency hu
082 ## - DEWEY DECIMAL CLASSIFICATION NUMBER
Classification number 398,209663
100 ## - MAIN ENTRY--PERSONAL NAME
Personal name shlomo bachrach
9 (RLIN) 20273
245 ## - TITLE STATEMENT
Title ethiopian folktales
260 ## - PUBLICATION, DISTRIBUTION, ETC.
Place of publication, distribution, etc. addis ababa
Name of publisher, distributor, etc. hall
Date of publication, distribution, etc. 1967
300 ## - PHYSICAL DESCRIPTION
Extent 144
942 ## - ADDED ENTRY ELEMENTS (KOHA)
Source of classification or shelving scheme Dewey Decimal Classification
Koha item type Books like text book referance book
Suppress in OPAC No
Holdings
Withdrawn status Lost status Source of classification or shelving scheme Damaged status Not for loan Home library Current library Shelving location Date acquired Total Checkouts Full call number Barcode Date last seen Copy number Price effective from Koha item type
    Dewey Decimal Classification     Social Library Social Library General Stacks 11/24/2021   398,209663/shl SHLIB 00011945 11/24/2021 8 11/24/2021 Books like text book referance book
    Dewey Decimal Classification     Social Library Social Library General Stacks 11/24/2021   398,209663/shl SHLIB 00011959 11/24/2021 c7 11/24/2021 Books like text book referance book
    Dewey Decimal Classification     Social Library Social Library General Stacks 11/24/2021   398,209663/shl SHLIB 00011960 11/24/2021 c6 11/24/2021 Books like text book referance book
    Dewey Decimal Classification     Social Library Social Library General Stacks 11/24/2021   398,209663/shl SHLIB 00012251 11/24/2021 c5 11/24/2021 Books like text book referance book
    Dewey Decimal Classification     Social Library Social Library General Stacks 11/24/2021   398,209663/shl SHLIB 00011958 11/24/2021 c4 11/24/2021 Books like text book referance book
    Dewey Decimal Classification     Social Library Social Library General Stacks 11/24/2021   398,209663/shl SHLIB 00011957 11/24/2021 c3 11/24/2021 Books like text book referance book
    Dewey Decimal Classification     Social Library Social Library General Stacks 11/24/2021   398,209663/shl SHLIB 00011956 11/24/2021 c2 11/24/2021 Books like text book referance book
    Dewey Decimal Classification     Social Library Social Library General Stacks 11/24/2021   398,209663/shl SHLIB 00011955 11/24/2021 c1 11/24/2021 Books like text book referance book